[Event "10th Chigorin Mem B"]
[Site "St Petersburg RUS"]
[Date "2002.10.28"]
[Round "4"]
[White "Zemerov,V"]
[Black "Sirotine,K"]
[Result "1-0"]
[WhiteElo "2317"]
[BlackElo "2245"]

1.Nf3 d5 2.g3 Nf6 3.Bg2 c5 4.O-O Nc6 5.d4 e6 6.c4 b6 7.cxd5 exd5 8.Nc3 Be7
9.Bg5 Be6 10.Ne5 Nxd4 11.e3 Nf5 12.Nc6 Qd7 13.Nxe7 Nxe7 14.Bxf6 gxf6 15.Qf3 f5
16.Rfd1 Rd8 17.Qh5 Qc7 18.Rd2 Qe5 19.Rad1 Rd7 20.Qh6 d4 21.exd4 Rxd4 22.Nb5 Rxd2
23.Rxd2 Ng6 24.Bf1 a6 25.Re2 Qb8 26.Nc3 Qd6 27.Re1 Ne5 28.Bg2 Nd3 29.Re3 f4
30.Ne4 Qd4 31.gxf4 Nxb2 32.f5 Qd1+ 33.Bf1 Rg8+ 34.Ng3 Nc4 35.Rxe6+ Kd7 36.Rxb6 Nxb6
37.Qxb6 Qd6 38.Qb7+ Qc7 39.Qd5+ Ke7 40.Bxa6 h5 41.Qe4+ Kf8 42.Qa8+ Kg7 43.f6+ Kh8
44.Qd5 Rg6 45.Qxh5+ Kg8 46.Bd3  1-0

[Event "Before Thunder Storm"]
[Site "Tel Aviv ISR"]
[Date "2002.10.28"]
[Round "9"]
[White "Tseitlin,Ma"]
[Black "Kaplan,S"]
[Result "1-0"]
[WhiteElo "2472"]
[BlackElo "2152"]

1.Nf3 d5 2.g3 Nf6 3.Bg2 c6 4.O-O Bf5 5.d3 e6 6.Nbd2 Be7 7.Qe1 h6 8.e4 Bh7
9.Qe2 O-O 10.b3 a5 11.a3 Na6 12.Bb2 b5 13.Ne5 Qb6 14.Ng4 Qd8 15.f4 Nxg4 16.Qxg4 Bf6
17.e5 Be7 18.Qe2 a4 19.b4 Qb6+ 20.d4 Bxc2 21.g4 f5 22.exf6 Bxf6 23.Qxe6+ Kh8
24.Qe3 Rfe8 25.Qf2 Be4 26.Nxe4 dxe4 27.Rfe1 Nc7 28.Bxe4 Rad8 29.Rad1 Nd5
30.g5 hxg5 31.fxg5 Bxg5 32.Qf5 Rxe4 33.Rxe4 Bh6 34.Rde1 Qb8 35.Qg6 Nf6 36.d5  1-0

[Event "Olympiad"]
[Site "Bled SLO"]
[Date "2002.10.29"]
[Round "4"]
[White "Kunte,A"]
[Black "Johannessen,LE"]
[Result "1/2-1/2"]
[WhiteElo "2493"]
[BlackElo "2534"]

1.Nf3 d5 2.g3 g6 3.Bg2 Bg7 4.O-O e5 5.d3 Ne7 6.e4 O-O 7.Bd2 c5 8.c3 Nbc6
9.Na3 h6 10.Qc2 Be6 11.exd5 Nxd5 12.Nc4 Re8 13.Rfe1 Qc7 14.a4  1/2-1/2

[Event "Olympiad"]
[Site "Bled SLO"]
[Date "2002.10.29"]
[Round "4"]
[White "Berzinsh,R"]
[Black "Sermek,D"]
[Result "1/2-1/2"]
[WhiteElo "2472"]
[BlackElo "2590"]

1.Nf3 d5 2.g3 Bg4 3.Bg2 Nd7 4.d4 e6 5.O-O Ngf6 6.Nbd2 Be7 7.c4 c6 8.b3 O-O
9.Bb2 a5 10.a3 Qb6 11.h3 Bxf3 12.exf3 dxc4 13.Nxc4 Qa6 14.f4 a4 15.Re1 Qb5
16.Nd2 axb3 17.Bf1 Qa5 18.Nc4 Qd8 19.Qxb3 Ra7 20.a4 Nd5 21.Reb1 Qc7 22.a5 Rfa8
23.Ba3 Qd8 24.Bxe7 Qxe7 25.Qb2 g6 26.Ra3 Nc7 27.Rb3 Nb5 28.Ne5 Nxe5 29.fxe5 Rxa5
30.Bxb5 cxb5 31.Rxb5 Rxb5 32.Qxb5 Rd8 33.Qxb7 Qxb7 34.Rxb7 Rxd4 35.h4 h6
36.Kg2 g5 37.hxg5 hxg5 38.Kf3 Kg7 39.Ke3 Ra4 40.f3 g4 41.fxg4 Rxg4 42.Kf3 Ra4
43.Rb8 Ra1 44.g4 Rf1+ 45.Ke4  1/2-1/2

[Event "10th Chigorin Mem"]
[Site "St Petersburg RUS"]
[Date "2002.10.29"]
[Round "5"]
[White "Tomashevsky,E"]
[Black "Vysochin,S"]
[Result "1/2-1/2"]
[WhiteElo "2444"]
[BlackElo "2562"]

1.Nf3 d5 2.g3 c6 3.Bg2 Nf6 4.d3 Bf5 5.O-O h6 6.Nbd2 e6 7.Qe1 Be7 8.e4 Bh7
9.Qe2 O-O 10.a3 c5 11.Ne5 Nbd7 12.Nxd7 Qxd7 13.e5 Ne8 14.f4 Nc7 15.Kh1 b5
16.g4 Rac8 17.Nf3 d4 18.a4 bxa4 19.Ne1 Nd5 20.Be4 f5 21.exf6 Rxf6 22.Ng2 Nb4
23.Bxh7+ Kxh7 24.Rd1 Rcf8 25.c3 dxc3 26.bxc3 Nd5 27.Bd2 Bd6 28.Qe4+ Kg8 29.Rf1 g5
30.Qxa4 Qxa4 31.Rxa4 R8f7 32.Re4 gxf4 33.c4 Nb4 34.d4 f3 35.Nh4 Bf4 36.Bc3 Bg5
37.dxc5 Bxh4 38.Bxb4 Rf4 39.Rxf4 Rxf4 40.Bd2 Rd4 41.Bxh6 f2 42.Be3 Rxg4 43.Bxf2 Bxf2
44.Rxf2 Rxc4 45.Ra2  1/2-1/2

[Event "6th OIBM"]
[Site "Bad Wiessee GER"]
[Date "2002.10.30"]
[Round "5"]
[White "Gasthofer,A"]
[Black "Hertneck,G"]
[Result "0-1"]
[WhiteElo "2302"]
[BlackElo "2502"]

1.Nf3 d5 2.g3 c6 3.Bg2 Nf6 4.O-O Bg4 5.d3 e6 6.Nbd2 Be7 7.e4 O-O 8.h3 Bh5
9.g4 Bg6 10.Ne5 Nbd7 11.Nxg6 fxg6 12.Qe2 e5 13.exd5 Nxd5 14.Nc4 Qc7 15.Be3 Rae8
16.Rae1 Bd8 17.Qd1 Qb8 18.Nd2 Bb6 19.Ne4 Qc7 20.Qd2 Bxe3 21.fxe3 Rxf1+ 22.Kxf1 Qb6
23.b3 N7f6 24.Nxf6+ Nxf6 25.Ke2 e4 26.dxe4 Nxe4 27.Bxe4 Rxe4 28.Kd1 Qc7 29.Kc1 h6
30.Qd3 Qe5 31.Kb1 Kh7 32.Qd7 Qc3 33.Rc1 Rxe3 34.h4 a5 35.h5 Qf6 36.Qxb7 gxh5
37.gxh5 Rh3 38.a4 Rxh5 39.Qd7 Rd5 40.Qe8 Re5 41.Qd7 Rg5 42.Rd1 h5 43.Qh3 Qg6
44.Rh1 Rg1+ 45.Rxg1 Qxg1+ 46.Ka2 Qc5 47.c3 Kh6 48.Qf3 h4 49.Qf4+ g5 50.Qf6+ Kh5
51.b4 Qc4+ 52.Ka3 axb4+ 53.cxb4 Qd3+ 54.Kb2 Qe2+ 55.Kb3 h3 56.Qh8+ Kg4 57.Qd4+ Kg3
58.Qg1+ Qg2 59.Qe1+ Qf2  0-1

[Event "Olympiad w"]
[Site "Bled SLO"]
[Date "2002.10.30"]
[Round "5"]
[White "Pina,S"]
[Black "Rantanen,T"]
[Result "1-0"]
[WhiteElo "2316"]
[BlackElo "2166"]

1.Nf3 d5 2.g3 g6 3.Bg2 Bg7 4.O-O Nf6 5.d3 O-O 6.Nbd2 b6 7.Re1 Bb7 8.c3 Nbd7
9.Qc2 a5 10.h3 Rb8 11.a4 Ne8 12.e4 Nc5 13.e5 Ba6 14.Bf1 Ne6 15.Nd4 Qd7 16.Nxe6 Qxe6
17.Nf3 c5 18.Ng5 Qc6 19.h4 Nc7 20.Bf4 Ne6 21.Nxe6 Qxe6 22.Kh2 Rbd8 23.Bh3 Qc6
24.h5 d4 25.h6 Bh8 26.Bg2 Qe6 27.c4 Qg4 28.Bh3 Qf3 29.e6 Bb7 30.Qe2 Qc6 31.exf7+ Rxf7
32.Rg1 e5 33.Bg5 Rdf8 34.Raf1 e4 35.dxe4 Qxe4 36.Qxe4 Bxe4 37.Be6 Bf3 38.Re1 d3
39.Bxf7+ Rxf7 40.Re8+ Rf8 41.Rxf8+ Kxf8 42.Rb1 Kf7 43.Kg1 Ke6 44.Kf1 Kf5
45.Be3 Be4 46.Bd2 Bf6 47.Re1 Bf3 48.Re8 Bxb2 49.Rb8 Ke4 50.Rxb6 Be5 51.Re6 Kf5
52.Re7 Bc6 53.Rxh7 Bxa4 54.Rf7+ Ke4 55.h7 Bb3 56.Re7 Bxc4 57.h8=Q  1-0

[Event "Olympiad"]
[Site "Bled SLO"]
[Date "2002.10.30"]
[Round "5"]
[White "Murshed,N"]
[Black "Vanderstricht,G"]
[Result "1-0"]
[WhiteElo "2443"]
[BlackElo "2403"]

1.Nf3 d5 2.g3 c6 3.Bg2 Bg4 4.O-O Nd7 5.d3 Ngf6 6.Nbd2 e5 7.h3 Bh5 8.Nh4 Bc5
9.Nb3 Bb6 10.Nf5 O-O 11.g4 Nxg4 12.hxg4 Bxg4 13.Ne3 Be6 14.c4 d4 15.Nc2 f5
16.f4 g5 17.fxe5 Nxe5 18.c5 Bxb3 19.cxb6 Bd5 20.Bxd5+ Qxd5 21.Bxg5 Rf7 22.Qd2 axb6
23.Kf2 Ng4+ 24.Ke1 c5 25.b3 Re8 26.Kd1 f4 27.Bxf4 Rfe7 28.Re1 Nf2+ 29.Kc1 Qh5
30.e3 dxe3 31.Rxe3 Rxe3 32.Bxe3 Ng4 33.Qg2 Qg6 34.Qd5+ Re6 35.Kd2 h5 36.Rf1 Nxe3
37.Nxe3 Qh6 38.Rg1+ Kf7 39.Qd7+ Kf6 40.Rf1+ Kg5 41.Qd5+ Kh4 42.Qh1+  1-0

[Event "Olympiad"]
[Site "Bled SLO"]
[Date "2002.10.31"]
[Round "6"]
[White "Ivanisevic,I"]
[Black "Radulski,J"]
[Result "1/2-1/2"]
[WhiteElo "2537"]
[BlackElo "2487"]

1.Nf3 d5 2.g3 Nf6 3.Bg2 c6 4.O-O Nbd7 5.d4 e6 6.c4 Bd6 7.Nc3 O-O 8.Nd2 Be7
9.e4 dxc4 10.Nxc4 b5 11.Ne3 b4 12.Ne2 Ba6 13.b3 Rc8 14.a3 Bb5 15.axb4 Bxb4
16.Rxa7 c5 17.e5 Ne8 18.Nc4 cxd4 19.Nxd4 Bxc4 20.Nc6 Rxc6 21.Rxd7 Qc8 22.bxc4 Rxc4
23.Rb7 Qc5 24.Bf4 Bc3 25.Qd3 Bd4 26.Be4 h6 27.Qb1 Nc7 28.Bh7+ Kh8 29.Bd3 Rc3
30.Bd2 Nd5 31.Bxc3 Nxc3 32.Qb4 Qxb4 33.Rxb4 Bxe5 34.Kg2 Rd8 35.Bc2 Rd2 36.Bb3 Bd4
37.Rb7 Kg8 38.Rd7 g5 39.Kf3 Rd3+ 40.Kg2 Rd2  1/2-1/2

[Event "Blue Autumn"]
[Site "Bucharest ROM"]
[Date "2002.10.31"]
[Round "9"]
[White "Badea,B"]
[Black "Kalezic,B"]
[Result "1/2-1/2"]
[WhiteElo "2474"]
[BlackElo "2430"]

1.Nf3 d5 2.g3 c6 3.h3 g6 4.Bg2 Bg7 5.O-O Nf6 6.d3 O-O 7.Nbd2 c5 8.e4 e6 9.exd5 exd5
10.d4 b6 11.dxc5 bxc5 12.Nb3 Nbd7 13.Bf4 Qb6 14.Qc1 Re8 15.c4 Bb7 16.cxd5 Nxd5
17.Bh6 Bh8 18.Rd1 Rac8 19.Qc4 Qb4 20.Qxb4 cxb4 21.Nfd4 N7b6 22.a3 Ba8 23.axb4 Nxb4
24.Rxa7 Bxg2 25.Kxg2 Nc4 26.Nf3 Nc6 27.Rb7 Nd8 28.Rbd7 Nxb2 29.Rc1 Ne6 30.Rxc8  1/2-1/2

[Event "IM It"]
[Site "Rosny sous Bois FRA"]
[Date "2002.10.31"]
[Round "6"]
[White "Sulypa,A"]
[Black "Velikov,P"]
[Result "1/2-1/2"]
[WhiteElo "2487"]
[BlackElo "2431"]

1.Nf3 d5 2.g3 Nf6 3.Bg2 c6 4.O-O Bg4 5.b3 e6 6.Bb2 Nbd7 7.c4 Bc5 8.d3 O-O
9.Nbd2 Qe7 10.Qc2 a5 11.d4 Ba3 12.Rfe1 Bf5 13.Qc1 Bxb2 14.Qxb2 h6  1/2-1/2

[Event "10th Chigorin Mem"]
[Site "St Petersburg RUS"]
[Date "2002.10.31"]
[Round "6"]
[White "Obukhov,A"]
[Black "Doroshkievich,V"]
[Result "1/2-1/2"]
[WhiteElo "2453"]
[BlackElo "2412"]

1.Nf3 d5 2.g3 c6 3.Bg2 Bf5 4.O-O e6 5.d3 Nf6 6.b3 h6 7.Bb2 Nbd7 8.c4 Be7
9.Nc3 Bh7 10.cxd5 cxd5 11.Rc1 O-O 12.Rc2 Qa5 13.Qa1 Rfc8 14.Rfc1 Qd8 15.Nd1 Rxc2  1/2-1/2

[Event "10th Chigorin Mem B"]
[Site "St Petersburg RUS"]
[Date "2002.10.31"]
[Round "6"]
[White "Bryndin,A"]
[Black "Mukhin,G"]
[Result "1/2-1/2"]
[WhiteElo "2274"]
[BlackElo "2375"]

1.Nf3 d5 2.g3 g6 3.Bg2 Bg7 4.O-O Nf6 5.c4 O-O 6.cxd5 Nxd5 7.Nc3 Nxc3 8.dxc3 Qxd1
9.Rxd1 Nc6 10.Be3 Bg4 11.Nd4 Nxd4 12.Bxd4 c6 13.Bxg7 Kxg7 14.Rd4 h5 15.a4 Rad8
16.Rad1 Rxd4 17.Rxd4 e5 18.Rd2 Kf6 19.a5 Rc8 20.Kf1 Ke7 21.f4 exf4 22.gxf4 Be6
23.Kf2 b6 24.axb6 axb6 25.Kg3 f6 26.Kh4 c5 27.e3 Rc7 28.Be4 Bf7 29.c4 Rd7
30.Rxd7+ Kxd7 31.b3 Kd6 32.Bc2 Kc6 33.Bd3 Kd6 34.Be4  1/2-1/2

[Event "Olympiad w"]
[Site "Bled SLO"]
[Date "2002.11.01"]
[Round "7"]
[White "Korsakova,T"]
[Black "Rantanen,T"]
[Result "0-1"]
[WhiteElo "2050"]
[BlackElo "2166"]

1.Nf3 d5 2.g3 g6 3.Bg2 Bg7 4.d3 Nf6 5.O-O O-O 6.Nbd2 c6 7.e4 Qb6 8.Qe2 dxe4
9.dxe4 h6 10.Rb1 Qa6 11.Qxa6 Nxa6 12.a3 Nc5 13.Nd4 Rd8 14.N4b3 Ne6 15.Nc4 b6
16.Re1 Ba6 17.Ne3 Rac8 18.Bd2 Ne8 19.Nd1 c5 20.Be3 Nd4 21.Na1 Nd6 22.Nc3 Nc4
23.Nd5 Rd7 24.c3 Nc6 25.Nc2 g5 26.f4 e6 27.Bh3 Rcd8 28.fxg5 exd5 29.gxh6 Bf8
30.Bxd7 Rxd7 31.exd5 Rxd5 32.Bf4 N6e5 33.Ne3 Rd2 34.Nf1 Nf3+ 35.Kh1 Rf2 36.Re8 Bb7  0-1

[Event "Olympiad w"]
[Site "Bled SLO"]
[Date "2002.11.01"]
[Round "7"]
[White "Hagesaether,E"]
[Black "Hund,B"]
[Result "0-1"]
[WhiteElo "2151"]
[BlackElo "2285"]

1.Nf3 d5 2.g3 Nf6 3.Bg2 Bf5 4.d3 e6 5.O-O Be7 6.Nbd2 h6 7.Qe1 O-O 8.e4 Bh7
9.Qe2 c5 10.Ne1 Nc6 11.c3 b5 12.f4 Qb6 13.Kh1 Rad8 14.f5 dxe4 15.dxe4 c4
16.b3 cxb3 17.Nxb3 a6 18.Be3 Qc7 19.c4 b4 20.c5 exf5 21.exf5 Nd5 22.Bg1 Bf6
23.Rc1 a5 24.Qb5 Rb8 25.Qc4 Nc3 26.Rc2 Rfd8 27.Qa6 Ne7 28.Qxa5 Qxa5 29.Nxa5 Bxf5
30.Rcf2 Be6 31.c6 Rbc8 32.Nb7 Rd1 33.Bf3 Bd5 34.Bxd5 Nexd5 35.Na5 Ra8 36.Nc4 Ra6
37.Nb2 Ra1 38.c7 Nxc7 39.Nbd3 N7d5 40.Nc2 Rxf1 41.Rxf1 Nxa2 42.Rf5 b3 43.Nd4 Bxd4
44.Bxd4 Nac3 45.Re5 Ra1+ 46.Kg2 Ra2+ 47.Kh3 Rd2 48.Re8+ Kh7 49.Bxc3 Nxc3
50.Rb8 Rxd3 51.Rxb3 Re3 52.Rb7 Kg6 53.Rc7 Ne4 54.Kg2 f5 55.Rc6+ Kh5 56.Rc7 g6
57.Rh7 Re2+ 58.Kg1 Ng5 59.Rg7 f4 60.gxf4 Nh3+ 61.Kf1 Rf2+ 62.Ke1 Rxh2 63.Rf7 Kg4
64.f5 gxf5  0-1

[Event "Olympiad w"]
[Site "Bled SLO"]
[Date "2002.11.01"]
[Round "7"]
[White "Shliahtich,G"]
[Black "Petrenko,S"]
[Result "0-1"]
[WhiteElo "2197"]
[BlackElo "2349"]

1.Nf3 d5 2.g3 g6 3.Bg2 Bg7 4.d4 Nf6 5.c4 c6 6.cxd5 cxd5 7.O-O O-O 8.Ne5 Nc6
9.Nc3 Be6 10.Nxc6 bxc6 11.Na4 Nd7 12.Bf4 Qa5 13.Rc1 Rac8 14.Be3 Bf5 15.b3 Qb4
16.Qe1 Qb5 17.Qd2 Rfe8 18.Rfe1 a5 19.f3 e5 20.dxe5 Bxe5 21.Bf2 Bg7 22.e4 dxe4
23.fxe4 Be6 24.Nc5 Ne5 25.Red1 Bg4 26.Re1 Rcd8 27.Qf4 Qb4 28.h3 Bc8 29.Red1 Qa3
30.Rxd8 Rxd8 31.Rc2 Rd1+ 32.Kh2 Qb4 33.Qg5 f6 34.Qe3 Bf8 35.Qe2 Rd8 36.Bf1 Bh6
37.Be1 Qb6 38.Qf2 Bf8 39.Qxf6 Bg7 40.Qf2 Rf8 41.Qe2 Nf3+ 42.Kg2 Bxh3+ 43.Kxh3 Ng1+
44.Kg2 Nxe2 45.Bxe2 Re8 46.Bf2 Qc7 47.Rd2 Rd8 48.Rc2 Qe5 49.Bc4+ Kh8 50.Re2 Rd1
51.Ne6 Bf6 52.a4 Qh5 53.Bg1 g5 54.Rf2 Qg6 55.Rf5 Rd2+ 56.Bf2 h6 57.g4 Be7
58.Kf3 h5 59.Be1 hxg4+ 60.Ke3 Rc2 61.Nd4 Rc1 62.Bxa5 g3 63.Ne2 g2 64.Kf2 Qxf5+
65.exf5 g1=Q+ 66.Nxg1 Bc5+ 67.Kf3 Rxg1 68.Bc3+ Kh7 69.f6 Rd1 70.Kg4 Kg6 71.f7 Bd6
72.a5 Rg1+ 73.Kf3 Rg3+ 74.Ke4 Rxc3 75.a6 Rc1 76.Kd4  0-1

[Event "10th Chigorin Mem"]
[Site "St Petersburg RUS"]
[Date "2002.11.01"]
[Round "7"]
[White "Kokarev,D"]
[Black "Deviatkin,A"]
[Result "1/2-1/2"]
[WhiteElo "2510"]
[BlackElo "2442"]

1.g3 d5 2.Nf3 c6 3.Bg2 Bf5 4.O-O Nf6 5.c4 e6 6.cxd5 exd5 7.d3 Bc5 8.Qc2 Nbd7
9.Nc3 O-O 10.e4 Bg4 11.h3 Bh5 12.Na4 Bxf3 13.Bxf3 Bd4 14.Bg2 Re8 15.Kh2 Qe7
16.Bd2 Rad8 17.Rae1 dxe4 18.dxe4 b5 19.Nc3 Qc5 20.b4 Qc4 21.Rc1 Ne5 22.Nb1 Nd3
23.Qxc4 bxc4 24.Rxc4 Nxe4 25.Be3 Bxe3 26.fxe3 Nf6 27.Rd1 Ne5 28.Rcd4 Rc8
29.Rc1 Nfd7 30.Rdd1 c5 31.b5 Nb6 32.Nc3 Nec4 33.Nd5 Nxd5 34.Rxd5 Nxe3 35.Rdxc5 Rxc5
36.Rxc5 Nxg2 37.Kxg2 g6 38.Kf3 Re6 39.a4 Re7 40.a5 Kg7 41.b6 axb6 42.axb6 Rb7
43.Rb5 Kf6 44.Ke4 Ke6 45.Kd4 Kd6 46.Rb3 f6 47.Rb2 Kc6 48.Kc4 Rxb6 49.Rxb6+ Kxb6
50.Kd5 Kc7 51.Ke6 f5 52.h4 Kd8 53.Kf7 Kd7 54.Kg7 Ke7 55.Kxh7 Kf7  1/2-1/2

[Event "Olympiad w"]
[Site "Bled SLO"]
[Date "2002.11.02"]
[Round "8"]
[White "Ostry,I"]
[Black "Rozic,V"]
[Result "1-0"]
[WhiteElo "2232"]
[BlackElo "2117"]

1.Nf3 d5 2.g3 Nf6 3.Bg2 c6 4.b3 Bg4 5.Bb2 Nbd7 6.O-O Qc7 7.c4 dxc4 8.bxc4 e5
9.d3 Be7 10.Nbd2 h6 11.Rb1 O-O 12.Bc3 Rfe8 13.h3 Bf5 14.e4 Bh7 15.Qc2 Bf8
16.Nb3 Rad8 17.a4 c5 18.Nc1 Bd6 19.Qb2 Rb8 20.Ne1 Nf8 21.Nc2 Ne6 22.Na3 a6
23.Ne2 Nd7 24.Nc2 Nd4 25.Ne3 Nf6 26.Bxd4 exd4 27.Nd1 Nd7 28.f4 f6 29.Nf2 Bg6
30.Qd2 Bf7 31.Kh1 Nf8 32.e5 fxe5 33.f5 b5 34.axb5 axb5 35.cxb5 c4 36.dxc4 Bxc4
37.Rfc1 Qf7 38.Ne4 Red8 39.f6 g5 40.Nxd6 Rxd6 41.Qb4 Rbd8 42.Qxc4 Ne6 43.b6 d3
44.Nc3 Rd4 45.Qb3 d2 46.Rf1 g4 47.b7 Rb8 48.Bd5  1-0

[Event "10th Chigorin Mem"]
[Site "St Petersburg RUS"]
[Date "2002.11.02"]
[Round "8"]
[White "Loginov,Va"]
[Black "Yevseev,D"]
[Result "1/2-1/2"]
[WhiteElo "2532"]
[BlackElo "2553"]

1.Nf3 d5 2.g3 c5 3.Bg2 Nc6 4.d4 e6 5.O-O Nf6 6.c4 Be7 7.cxd5 exd5 8.Nc3 O-O
9.Bg5 c4 10.Ne5 Be6 11.Nxc6 bxc6 12.b3 Qa5 13.Qd2 Rad8 14.Rfd1 Bb4 15.Bxf6 gxf6
16.Rdc1 Ba3 17.Rc2 Bf5 18.e4 Bg6 19.bxc4 dxc4 20.Qe3 Rfe8 21.h4 f5 22.Nb1 Bf8
23.Nd2 fxe4 24.Rxc4 Qd5 25.Rac1 c5 26.Nb3 cxd4 27.Rxd4 Qe5 28.Rxd8 Rxd8 29.Qxa7 Rd3
30.Qa5 Qxa5 31.Nxa5 e3 32.Bf1 exf2+ 33.Kxf2 Rd2+ 34.Kf3 Rxa2 35.Nc4 Bc5 36.g4 h5
37.Ne5 Ra3+ 38.Bd3 Ba7 39.Nxg6 Rxd3+ 40.Ke4 Rd4+ 41.Ke5 Rxg4 42.Ne7+ Kh7
43.Kf6 Rf4+ 44.Nf5 Bd4+ 45.Kg5 Be5 46.Rc6 f6+ 47.Rxf6 Bxf6+ 48.Kxf4  1/2-1/2

[Event "10th Chigorin Mem"]
[Site "St Petersburg RUS"]
[Date "2002.11.02"]
[Round "8"]
[White "Obukhov,A"]
[Black "Okrugin,S"]
[Result "1-0"]
[WhiteElo "2453"]
[BlackElo "2392"]

1.Nf3 d5 2.g3 c6 3.Bg2 Bg4 4.O-O Nd7 5.d3 Ngf6 6.h3 Bxf3 7.Bxf3 e5 8.c4 dxc4
9.dxc4 Bc5 10.Nc3 O-O 11.Na4 Be7 12.Be3 Qc7 13.Qc2 Nb6 14.Nc5 Nbd7 15.Nxd7 Qxd7
16.g4 Qc7 17.Rad1 Rfd8 18.g5 Nd7 19.Bg4 Nf8 20.Rxd8 Rxd8 21.Rd1 Rxd1+ 22.Qxd1 b6
23.Qd3 Qd6 24.Qxd6 Bxd6 25.Kg2 f6 26.Bf3 Ne6 27.gxf6 gxf6 28.Bxc6 Nf4+ 29.Kf3 Nxh3
30.Ke4 Nf4 31.Kf5 Kf7 32.Bf3 Ke7 33.Bd2 Bc5 34.Be1 a5 35.Ke4 Nh3 36.Kd5 Nxf2
37.Bxa5 Nd1 38.b3 bxa5 39.Kxc5 Nc3 40.a3 e4 41.Bg4 Kd8 42.Kd6 a4 43.bxa4 Nxa4
44.c5 Nc3 45.a4 h5 46.Bf5  1-0

[Event "10th Chigorin Mem B"]
[Site "St Petersburg RUS"]
[Date "2002.11.02"]
[Round "8"]
[White "Rumiantsev,An"]
[Black "Bets,A"]
[Result "1/2-1/2"]
[WhiteElo "2214"]
[BlackElo "2332"]

1.Nf3 d5 2.g3 c6 3.Bg2 Bg4 4.d4 Nd7 5.O-O e6 6.c4 Ngf6 7.Nc3 Be7 8.Nd2 O-O
9.Qe1 Bf5 10.b3 Qa5 11.Bb2 Ba3 12.Bxa3 Qxa3 13.Qc1 Qe7 14.Re1 Rfd8 15.Qb2 h6
16.Rad1 Bg6 17.h3 Nb6 18.e4 dxe4 19.Ndxe4 Nxe4 20.Bxe4 Bxe4 21.Nxe4 Nd7 22.Qe2 Nf6
23.Nxf6+ Qxf6 24.Qe5 Qxe5 25.dxe5 Kf8 26.f4 Ke7 27.Kf2 Rxd1  1/2-1/2

[Event "10th Chigorin Mem B"]
[Site "St Petersburg RUS"]
[Date "2002.11.03"]
[Round "9"]
[White "Lependin,A"]
[Black "Matlakov,M"]
[Result "1-0"]
[WhiteElo "2369"]
[BlackElo "2312"]

1.Nf3 d5 2.g3 Bg4 3.Bg2 c6 4.O-O e6 5.c4 Nf6 6.cxd5 Bxf3 7.Bxf3 cxd5 8.a3 Be7
9.b4 O-O 10.Bb2 Nbd7 11.d3 Bd6 12.Nc3 Rc8 13.e4 dxe4 14.Nxe4 Nxe4 15.Bxe4 b6
16.Rc1 Be7 17.Qb3 Bf6 18.Rxc8 Qxc8 19.Rc1 Qb8 20.Bxf6 Nxf6 21.Qc3 Rd8 22.Qc7 g6
23.Qxb8 Rxb8 24.Rc7 a5 25.bxa5 bxa5 26.Rc5 Nxe4 27.dxe4 Ra8 28.a4 Ra7 29.g4 f6
30.Kg2 Kf7 31.h4 Ke7 32.Rb5 h6 33.Kf3 e5 34.g5 hxg5 35.hxg5 Kf7 36.Kg3 Ke7
37.f3 Kf7 38.Kg4 Kg7 39.Rb6 Rf7 40.gxf6+ Rxf6 41.Rb5 Re6 42.Rxa5 Kf6 43.Rb5 Rc6
44.Rb1  1-0

[Event "10th Chigorin Mem B"]
[Site "St Petersburg RUS"]
[Date "2002.11.03"]
[Round "9"]
[White "Bryndin,A"]
[Black "Kashtanov,R"]
[Result "1/2-1/2"]
[WhiteElo "2274"]
[BlackElo "2387"]

1.Nf3 d5 2.g3 c6 3.c4 Nf6 4.Bg2 Bf5 5.cxd5 cxd5 6.Qb3 Qd7 7.Ne5 Qc7 8.Nc3 Nc6
9.d4 e6 10.Bf4 Qb6 11.Qxb6 axb6 12.Nb5 Ra5 13.Nc7+ Ke7 14.Bd2 Ra7 15.Nb5 Ra8
16.O-O Nd7 17.Nf3 Be4 18.Bh3 Bxf3 19.exf3 Nf6 20.Rfc1 Kd7 21.Rc2 Ne8 22.Bf1 g6
23.b3 Bg7 24.Be3 Nd6 25.Rac1 Rhc8 26.Nxd6 Kxd6 27.Bb5 Na7 28.Rxc8 Rxc8 29.Rxc8 Nxc8
30.Kf1 Na7 31.a4 Nc6 32.Bxc6 Kxc6 33.f4 b5 34.a5 Bf8 35.Bd2 b4 36.Ke2 Kb5
37.Kd3 Kxa5 38.f3 Kb5 39.Bc1 Bd6 40.Be3 Kc6 41.Kd2 Kd7 42.Kd3 Ke7 43.Kd2 Kf6
44.Kd3 Kf5 45.Kd2 h5 46.h3 Kf6 47.Kd3 Ke7 48.g4 f6 49.Kd2 Kd7 50.Kd3 Bf8
51.Bf2 Bg7 52.Bg3 Bh6 53.h4 Bf8 54.f5 exf5 55.gxh5 g5 56.f4 Bh6 57.Ke2 Ke6
58.Kf3 Kf7 59.Be1 Kg7 60.Bd2 g4+ 61.Kg3 Kh7 62.Be3 Bf8 63.Bf2 Kh6 64.Be3 Kxh5
65.Bf2  1/2-1/2

[Event "Olympiad w"]
[Site "Bled SLO"]
[Date "2002.11.04"]
[Round "9"]
[White "Danielian,E"]
[Black "Pourkashiyan,A"]
[Result "0-1"]
[WhiteElo "2389"]
[BlackElo "2161"]

1.Nf3 d5 2.g3 Nf6 3.Bg2 Bg4 4.b3 c6 5.Bb2 Nbd7 6.d3 Qc7 7.Nbd2 e5 8.e4 Bc5
9.O-O O-O 10.h3 Bh5 11.Qe1 Rfe8 12.Nh4 Nf8 13.Kh1 dxe4 14.dxe4 N6d7 15.f4 exf4
16.gxf4 f6 17.Qg3 Ne6 18.Rae1 Rad8 19.e5 fxe5 20.f5 Nd4 21.f6 Nxf6 22.Rxf6 Ne2
23.Rxe2 Bxe2 24.Qe1 gxf6 25.Qxe2 Qd6 26.Bc3 Kh8 27.Qh5 Qe6 28.Kh2 Rg8 29.Be4 Bg1+  0-1

[Event "Olympiad"]
[Site "Bled SLO"]
[Date "2002.11.04"]
[Round "9"]
[White "Ibrahimov,R"]
[Black "Vaisser,A"]
[Result "1-0"]
[WhiteElo "2466"]
[BlackElo "2581"]

1.Nf3 d5 2.g3 g6 3.Bg2 Bg7 4.d4 e6 5.O-O Ne7 6.c4 O-O 7.Qc2 Nbc6 8.Rd1 Nf5
9.e3 Nd6 10.Nbd2 f5 11.a3 a5 12.b3 Bd7 13.Bb2 Ne4 14.Rac1 Qe7 15.Ne1 Be8
16.Nd3 g5 17.f3 Nxd2 18.Qxd2 Rd8 19.f4 gxf4 20.cxd5 fxe3 21.Qxe3 exd5 22.Qxe7 Nxe7
23.Rxc7 Rd7 24.Rdc1 Bf6 25.Nf4 Rxc7 26.Rxc7 Bc6 27.Kf2 Rd8 28.Nh5 Kf7 29.Nxf6 Kxf6
30.Bc3 b6 31.Bd2 Rd7 32.Bf4 Ke6 33.Ke3 b5 34.Rxd7 Bxd7 35.Bc7 a4 36.bxa4 bxa4
37.Kf4 h6 38.Ke3 Nc8 39.Kd2 Na7 40.Bb6 Nb5 41.Bc5 Bc6 42.Bf3 Kf6 43.Bd1 Ke6
44.Kd3 Kf7 45.Bc2 Ke6 46.Bf8 Kf7 47.Bc5 Ke6 48.Bd1 Kf7 49.Bb4 Nc7 50.Ke3 Ne6
51.h4 Kf6 52.Bd6 Bb5 53.Bf3 Bc4 54.Bf4 Kg6 55.Bd6 h5 56.Bd1 Bb5 57.Be5 Nd8
58.Bc7 Ne6 59.Bd6 Nd8 60.Kd2 Nc6 61.Kc3 Na5 62.Kb4 Nc4 63.Bf4 Be8 64.Bxa4 Bxa4
65.Kxa4 Kf7 66.Kb4 Ke6 67.a4 Kd7 68.Kc5 Ke6 69.Kb5 Na3+ 70.Kb4 Nc4 71.a5 Kd7
72.Kb5 Na3+ 73.Kc5  1-0

[Event "Blue Autumn"]
[Site "Bucharest ROM"]
[Date "2002.11.04"]
[Round "13"]
[White "Badea,B"]
[Black "Diulger,A"]
[Result "1-0"]
[WhiteElo "2474"]
[BlackElo "2326"]

1.Nf3 d5 2.g3 Nf6 3.Bg2 Bf5 4.d3 h6 5.O-O e6 6.c4 c6 7.cxd5 cxd5 8.Qb3 Qb6
9.Qxb6 axb6 10.Nd4 Bg6 11.Nb5 Na6 12.N1c3 Nd7 13.e4 dxe4 14.Nxe4 Bxe4 15.Bxe4 O-O-O
16.Bf4 e5 17.Be3 Kb8 18.d4 exd4 19.Bxd4 f6 20.Rad1 Bc5 21.Bc3 Ne5 22.a3 Rhe8
23.b4 Bf8 24.Rxd8+ Rxd8 25.Bd4 Nd7 26.Rd1 Be7 27.Be3 Ne5 28.Rc1 Rc8 29.Rxc8+ Kxc8
30.Bf5+ Kb8 31.Bxb6 Nc4 32.Ba7+ Ka8 33.Bd4 Kb8 34.Bd3 Ne5 35.Be2 Nc7 36.Ba7+ Kc8
37.Nd4 Kd7 38.f4 Nc6 39.Bg4+ Ke8 40.Nxc6 bxc6 41.Bd4 g5 42.fxg5 hxg5 43.Kg2 Nb5
44.Bb2 Nd6 45.Be6 f5 46.a4 Kd8 47.Be5 Ne8 48.Bc3 Nc7 49.Bxf5 Nd5 50.Bd2 Nxb4
51.Kf3 Nd5 52.Be4 Kc7 53.Bxd5 cxd5 54.Kg4 d4 55.Kf5 Kc6 56.Ke4 Kc5 57.g4 Bf6
58.h3 Kc4 59.a5 Kb5 60.Be1 Bg7 61.Kd3 Bf6 62.Bf2 Kxa5 63.Bxd4 Bd8 64.Ke4 Kb5
65.Kf5 Kc6 66.Bf6 Ba5 67.Kxg5 Kd7 68.Kg6  1-0

[Event "FSIM Nov"]
[Site "Budapest HUN"]
[Date "2002.11.04"]
[Round "3"]
[White "Bogza,A"]
[Black "Ilfeld,E"]
[Result "1/2-1/2"]
[WhiteElo "2270"]
[BlackElo "2176"]

1.Nf3 d5 2.g3 Nf6 3.Bg2 c6 4.b3 Bg4 5.Bb2 Nbd7 6.O-O e6 7.c4 Bd6 8.Na3 Qe7
9.Nc2 O-O 10.d3 Rad8 11.Ne3 Bxf3 12.Bxf3 Ba3 13.Qc2 Bxb2 14.Qxb2 Rfe8 15.Rac1 Nf8
16.cxd5 cxd5 17.b4 Rc8 18.Qd4 b6 19.a4 Rc7 20.Qb2 Rec8 21.Rc2 Rxc2 22.Nxc2 Qc7
23.Nd4 a6 24.b5 axb5 25.Qxb5 Qc5 26.e3 Qxb5 27.Nxb5 N8d7 28.d4 g6 29.Be2 Rc2
30.Bd3 Rd2 31.Bb1 h5 32.Nc3 Ne8 33.Rc1 Nd6 34.Kf1 Rb2 35.Ke1 Kf8 36.Bd3 Rb4
37.Rb1 Rxb1+ 38.Bxb1 Ke7 39.Ke2 Nb8 40.f3 Nc6 41.Nb5 Nxb5 42.axb5 Nd8 43.h4 Nb7
44.e4 Nd6 45.Bd3 f5 46.e5 Nb7 47.g4 Kf7 48.gxh5 gxh5  1/2-1/2

[Event "Olympiad w"]
[Site "Bled SLO"]
[Date "2002.11.06"]
[Round "11"]
[White "Chelushkina,I"]
[Black "Swathi,G"]
[Result "1-0"]
[WhiteElo "2378"]
[BlackElo "2247"]

1.Nf3 d5 2.g3 Bg4 3.Bg2 Nd7 4.d4 e6 5.O-O Ngf6 6.Nbd2 Bd6 7.c4 c6 8.b3 O-O
9.Bb2 Qe7 10.Ne5 Bf5 11.Nxd7 Qxd7 12.f3 Qe7 13.e4 dxe4 14.fxe4 Bg4 15.Qc1 e5
16.c5 Bb8 17.d5 a5 18.a3 Ba7 19.b4 Rac8 20.h3 Be2 21.Rf5 Nd7 22.Qe1 Bb5 23.Kh2 f6
24.Qd1 Ba6 25.dxc6 bxc6 26.Nb3 Rfd8 27.Qc2 a4 28.Na5 Bb5 29.Nb7 Nf8 30.Nxd8 Rxd8
31.Rd1 Rxd1 32.Qxd1 Qd7 33.Qxd7 Nxd7 34.Rf2 Kf7 35.h4 Ke7 36.Rd2 Bb8 37.Kg1 Nf8
38.Bf1 h5 39.Bxb5 cxb5 40.Kf2 Ne6 41.Rd5 Nd8 42.c6 Nxc6 43.Rxb5 Ba7+ 44.Kg2 Ke6
45.Rb7 Bd4 46.Bc1 g6 47.Rc7 Kd6 48.Rc8 f5 49.exf5 gxf5 50.Rf8 Ke6 51.Ra8 Na7
52.Rh8 e4 53.Rxh5 Nc6 54.Rh6+ Kd5 55.b5 Ne5 56.b6  1-0

[Event "Olympiad"]
[Site "Bled SLO"]
[Date "2002.11.06"]
[Round "11"]
[White "Cvitan,O"]
[Black "Atalik,S"]
[Result "1-0"]
[WhiteElo "2562"]
[BlackElo "2575"]

1.Nf3 d5 2.g3 c6 3.Bg2 Bg4 4.O-O Nd7 5.d4 e6 6.Nbd2 Ngf6 7.Re1 Be7 8.e4 O-O
9.c3 c5 10.exd5 Nxd5 11.Nc4 cxd4 12.Qxd4 Bf5 13.Qd1 Qc7 14.Nd4 Bg6 15.Bxd5 exd5
16.Rxe7 dxc4 17.Bf4 Qd8 18.Bg5 Nc5 19.Qe2 Qb6 20.Rd1 Bd3 21.Qe5 f6 22.Qd5+ Kh8
23.Bh6 Rg8 24.Qf7  1-0